[Event "C.to Italiano U10"]
[Site "Montesilvano ITA"]
[Date "2015.07.05"]
[Round "9"]
[White "Favaro, Alessandro"]
[Black "Zavattero, Luca"]
[WhiteElo "1545"]
[BlackElo "1509"]
[Result "1/2-1/2"]
[PlyCount "186"]
[EventDate "2015.06.29"]

1. Nf3 c5 2. c4 e6 3. Nc3 d6 4. g3 Bd7 5. Bg2 Nc6 6. d4 cxd4 7. Nxd4 Nxd4 8.
Qxd4 Qc7 9. b3 Ne7 10. e4 Nc6 11. Qd2 Be7 12. Nb5 Qb8 13. O-O a6 14. Nc3 O-O
15. Bb2 Qc7 16. Rad1 Rad8 17. Qf4 Rfe8 18. Qe3 h6 19. Kh1 Bc8 20. f4 Qa5 21.
Na4 b5 22. cxb5 axb5 23. Qc3 Qxc3 24. Nxc3 Ba6 25. Rf2 Na5 26. Ne2 Rc8 27. Ng1
Rc7 28. e5 d5 29. Rc1 Rxc1 30. Bxc1 Rc8 31. Bb2 Nb7 32. Bd4 Nc5 33. Rc2 Nd3 34.
Rxc8+ Bxc8 35. Bf1 Nc1 36. Bxb5 Nxa2 37. Ne2 Nb4 38. Kg2 Ba6 39. Nc3 Bxb5 40.
Nxb5 Nc6 41. Kf3 Nxd4+ 42. Nxd4 Kf8 43. Ke3 Ke8 44. Kd3 Kd7 45. Kc3 Kc7 46. Ne2
Bc5 47. Nc1 Bg1 48. h3 Bh2 49. Ne2 Kb6 50. b4 Kb5 51. Kb3 Kb6 52. Ka4 d4 53.
Nxd4 Bxg3 54. Ne2 Bh4 55. Nd4 Bg3 56. Ne2 Bh4 57. Kb3 Be7 58. Kc4 f6 59. Nd4
fxe5 60. fxe5 g5 61. Nxe6 h5 62. Nc5 g4 63. hxg4 hxg4 64. Ne4 Bd8 65. b5 Be7
66. Nf6 g3 67. Nd5+ Kb7 68. Nf4 Bg5 69. Ng2 Kb6 70. e6 Bd8 71. Nf4 Bg5 72. Nh3
g2 73. Ng1 Bd8 74. Ne2 Kc7 75. Kb4 Kd6 76. Kc4 Kxe6 77. Nf4+ Kd7 78. Nxg2 Kc7
79. Ne3 Kb7 80. Nd5 Kb8 81. Kc5 Kb7 82. Nb4 Bb6+ 83. Kc4 Ka8 84. Na6 Kb7 85.
Kd5 Ba7 86. Kc4 Bg1 87. Nc5+ Bxc5 88. Kxc5 Kc7 89. b6+ Kb7 90. Kb5 Kb8 91. Kc6
Kc8 92. Kd6 Kb7 93. Kc5 Kb8 1/2-1/2

[Event "C.to Italiano U08 femminile"]
[Site "Montesilvano ITA"]
[Date "2015.07.05"]
[Round "9"]
[White "Cammalleri, Elena"]
[Black "Rocchiccioli, Angelica"]
[WhiteElo "1410"]
[BlackElo "1350"]
[Result "1-0"]
[PlyCount "69"]
[EventDate "2015.06.29"]

1. e4 e5 2. Nf3 Nc6 3. Nc3 Bc5 4. Bc4 Nf6 5. O-O O-O 6. h3 d6 7. d3 h6 8. Re1
Nb4 9. Be3 d5 10. Bxc5 Re8 11. Bxb4 dxc4 12. dxc4 Bd7 13. Qd2 Nh7 14. Red1 b6
15. Qxd7 Qxd7 16. Rxd7 Rac8 17. Rad1 Nf6 18. R7d2 a5 19. Ba3 Re6 20. b3 Nh5 21.
Rd8+ Rxd8 22. Rxd8+ Kh7 23. Bb2 Rg6 24. Nxe5 Re6 25. Nxf7 Nf4 26. Rh8+ Kg6 27.
Rf8 Kh5 28. Nd8 Rg6 29. Rxf4 Kg5 30. Rg4+ Kh5 31. Rxg6 Kxg6 32. e5 Kf5 33. e6
Kf6 34. Nd5+ Kf5 35. e7 1-0

[Event "C.to Italiano U08"]
[Site "Montesilvano ITA"]
[Date "2015.06.30"]
[Round "2"]
[White "Boccia, Giovanni"]
[Black "Rindone, Andrea"]
[WhiteElo "1428"]
[BlackElo "1557"]
[Result "1-0"]
[PlyCount "119"]
[EventDate "2015.06.29"]

1. Nf3 Nf6 2. d4 d5 3. Nc3 Bf5 4. a3 e6 5. e3 Bd6 6. Bd3 Bg6 7. Bxg6 fxg6 8.
Qd3 O-O 9. Ng5 Re8 10. Nb5 Nc6 11. Nxd6 cxd6 12. Qb5 Qc7 13. Bd2 e5 14. dxe5
dxe5 15. O-O-O Rac8 16. c3 d4 17. Qc4+ Kh8 18. Nf7+ Kg8 19. Nd6+ Kf8 20. Nxc8
Rxc8 21. Kb1 Ne7 22. Qxc7 Rxc7 23. exd4 Ne4 24. Be3 Nf5 25. Rhf1 exd4 26. Bxd4
Rd7 27. Bxa7 Rd2 28. Kc1 Re2 29. Rde1 Rxe1+ 30. Rxe1 Nfd6 31. f3 Nb5 32. Rxe4
Nxa7 33. Rb4 b5 34. a4 Nc6 35. Rxb5 Ke7 36. Rd5 Ke6 37. Rd1 h5 38. b4 Na7 39.
b5 g5 40. b6 Nc6 41. b7 g4 42. fxg4 hxg4 43. a5 Nb8 44. Rd8 Nc6 45. b8=R Nxb8
46. Rxb8 Kd7 47. a6 Kd6 48. a7 Kd7 49. a8=R Kc7 50. Re8 Kb7 51. Rad8 Kc7 52.
Rh8 g5 53. Rdg8 Kc6 54. Rh7 Kc5 55. Rh6 Kc4 56. Rd8 Kxc3 57. Rc6+ Kb4 58. Rb8+
Ka5 59. Rc2 Ka4 60. Ra2# 1-0

[Event "C.to Italiano U08"]
[Site "Montesilvano ITA"]
[Date "2015.07.01"]
[Round "3"]
[White "Ruggiero, Alessandro"]
[Black "Cau, Francesco"]
[WhiteElo "1383"]
[BlackElo "1452"]
[Result "0-1"]
[PlyCount "108"]
[EventDate "2015.06.29"]

1. e4 e6 2. Nc3 d5 3. exd5 exd5 4. d4 Nf6 5. Be2 Be7 6. Nf3 O-O 7. O-O Re8 8.
Bf4 Nc6 9. Nb5 Bd6 10. Bxd6 cxd6 11. Re1 a6 12. Nc3 Bf5 13. a3 b5 14. b4 h6 15.
Bd3 Rxe1+ 16. Qxe1 Bxd3 17. cxd3 Qe8 18. Qd2 Qd7 19. Re1 Re8 20. Rc1 a5 21.
Nxb5 axb4 22. axb4 Nb8 23. Na3 Na6 24. Rb1 Qa4 25. Nc2 Rb8 26. b5 Rxb5 27. Rxb5
Qxb5 28. Na3 Qb3 29. Nc2 Nc7 30. h3 Nb5 31. Kh2 Nc3 32. Qc1 Ne2 33. Qd2 Nc3 34.
Nfe1 Nd7 35. Qf4 Qb6 36. Qd2 Nb5 37. Qb4 Nb8 38. Na3 Qxd4 39. Qxb5 Qe5+ 40. g3
Qxe1 41. Qxb8+ Kh7 42. Qxd6 Qxf2+ 43. Kh1 Qf3+ 44. Kg1 Qe3+ 45. Kg2 Qe2+ 46.
Kg1 Qe3+ 47. Kf1 Qxd3+ 48. Kf2 Qd2+ 49. Kf3 Qd3+ 50. Kf4 Qd4+ 51. Kf5 g6+ 52.
Qxg6+ fxg6+ 53. Ke6 Qe4+ 54. Kd6 d4 0-1

[Event "C.to Italiano U08"]
[Site "Montesilvano ITA"]
[Date "2015.07.01"]
[Round "4"]
[White "Cau, Francesco"]
[Black "Savoretti, Luca"]
[WhiteElo "1452"]
[BlackElo "1353"]
[Result "1-0"]
[PlyCount "83"]
[EventDate "2015.06.29"]

1. e4 e5 2. Nf3 Nc6 3. Bc4 Nf6 4. Ng5 d5 5. exd5 Na5 6. Bb5+ c6 7. dxc6 bxc6 8.
Ba4 h6 9. b4 Bxb4 10. c3 Be7 11. Nf3 e4 12. Nd4 Bd7 13. O-O O-O 14. Re1 c5 15.
Bxd7 Qxd7 16. Ne2 Bd6 17. h3 Nc6 18. Bb2 Be5 19. Rf1 Nb4 20. a3 Nd3 21. Bc1
Nxc1 22. Nxc1 Rad8 23. Re1 Nd5 24. Nb3 Nxc3 25. Nxc3 Bxc3 26. dxc3 Qb7 27. Qc2
Rfe8 28. Nxc5 Qc6 29. Nxe4 Re7 30. Nd2 Rxe1+ 31. Rxe1 Qd6 32. Ne4 Qxa3 33. Nd2
Qd6 34. Nc4 Qc6 35. Ne5 Qe6 36. Nf3 Qd6 37. c4 Rc8 38. Qb1 Rb8 39. Qc2 g6 40.
Qa4 Kg7 41. Qxa7 Rf8 42. Qd4+ 1-0

[Event "C.to Italiano U08"]
[Site "Montesilvano ITA"]
[Date "2015.07.02"]
[Round "5"]
[White "Bosio, Andrea"]
[Black "Mascia, Germano"]
[WhiteElo "1431"]
[BlackElo "1365"]
[Result "1-0"]
[PlyCount "85"]
[EventDate "2015.06.29"]

1. e4 e5 2. Nf3 Nc6 3. Bb5 Nf6 4. O-O a6 5. Ba4 b5 6. Bb3 Bc5 7. c3 O-O 8. Re1
d6 9. h3 d5 10. exd5 Nxd5 11. Nxe5 Nxe5 12. Rxe5 Bb7 13. d4 Bb6 14. Bc2 g6 15.
Bh6 Re8 16. Rxe8+ Qxe8 17. Nd2 Qc6 18. Be4 f5 19. Bf3 b4 20. cxb4 Bxd4 21. Qb3
Qd7 22. Bf4 Rd8 23. Rd1 c6 24. Nc4 Nxf4 25. Ne5+ Nd5 26. Nxd7 Rxd7 27. Rxd4 Kf8
28. Bxd5 cxd5 29. Qa4 Rc7 30. Kh2 Bc6 31. Qxa6 Bb7 32. Qd6+ Re7 33. a4 Ke8 34.
a5 Bc8 35. Rxd5 Rd7 36. Qc6 f4 37. Rxd7 Bxd7 38. Qe4+ Kd8 39. a6 Bf5 40. Qxf4
Kc8 41. b5 Bd7 42. b6 Bc6 43. Qc7# 1-0

[Event "C.to Italiano U08"]
[Site "Montesilvano ITA"]
[Date "2015.07.03"]
[Round "6"]
[White "Cau, Francesco"]
[Black "Bosio, Andrea"]
[WhiteElo "1452"]
[BlackElo "1431"]
[Result "1-0"]
[PlyCount "53"]
[EventDate "2015.06.29"]

1. d4 e6 2. Bf4 f5 3. h3 Nf6 4. e3 b6 5. c3 Bb7 6. Nf3 Be7 7. Nbd2 O-O 8. Bd3
d6 9. Qe2 Re8 10. O-O Ne4 11. Rfe1 Nxd2 12. Qxd2 Bf6 13. Qe2 Qe7 14. Rac1 Nd7
15. e4 fxe4 16. Bxe4 Bxe4 17. Qxe4 d5 18. Qe3 Rad8 19. Bxc7 Rc8 20. Bf4 Rc4 21.
Re2 Ra4 22. b3 Ra5 23. a4 Qa3 24. Rb1 b5 25. axb5 Rxb5 26. Reb2 Rc8 27. Qxe6+
1-0

[Event "C.to Italiano U08"]
[Site "Montesilvano ITA"]
[Date "2015.07.03"]
[Round "7"]
[White "Rindone, Andrea"]
[Black "Cau, Francesco"]
[WhiteElo "1557"]
[BlackElo "1452"]
[Result "1-0"]
[PlyCount "39"]
[EventDate "2015.06.29"]

1. e4 e5 2. Nf3 Nc6 3. Bc4 Bc5 4. Nc3 Nf6 5. d3 h6 6. Be3 Be7 7. Qd2 d6 8.
O-O-O Ng4 9. h3 Nxe3 10. fxe3 O-O 11. Rdg1 Be6 12. Bd5 Bxd5 13. Nxd5 a5 14. g4
b5 15. h4 Rb8 16. g5 h5 17. g6 b4 18. Qe2 Na7 19. Ng5 f6 20. Qxh5 1-0

[Event "C.to Italiano U08"]
[Site "Montesilvano ITA"]
[Date "2015.07.04"]
[Round "8"]
[White "Cau, Francesco"]
[Black "Boccia, Giovanni"]
[WhiteElo "1452"]
[BlackElo "1428"]
[Result "1-0"]
[PlyCount "45"]
[EventDate "2015.06.29"]

1. e4 e5 2. f4 Nc6 3. Nf3 Nf6 4. Nc3 Bb4 5. fxe5 Bxc3 6. exf6 Bxf6 7. Bc4 O-O
8. O-O Nd4 9. c3 Nxf3+ 10. Qxf3 c6 11. Bb3 b6 12. d4 Ba6 13. Rd1 Qe7 14. e5 Bg5
15. Bxg5 Qxg5 16. Bc2 Rab8 17. b3 Bb7 18. Rf1 c5 19. Qh3 h6 20. Rf2 d5 21. exd6
Bc8 22. Qd3 Bb7 23. Qh7# 1-0

[Event "C.to Italiano U08"]
[Site "Montesilvano ITA"]
[Date "2015.07.05"]
[Round "9"]
[White "Rindone, Andrea"]
[Black "Gola, Giorgio"]
[WhiteElo "1557"]
[BlackElo "1419"]
[Result "1-0"]
[PlyCount "87"]
[EventDate "2015.06.29"]

1. e4 e5 2. Nf3 Nc6 3. Bc4 Bc5 4. c3 Nf6 5. d3 d5 6. Bb5 Bd6 7. Qa4 Bd7 8. Bg5
a6 9. Bxc6 Bxc6 10. Qb3 h6 11. Bxf6 Qxf6 12. exd5 Bd7 13. Qxb7 Rd8 14. O-O a5
15. Nbd2 O-O 16. c4 Rb8 17. Qa7 Bb4 18. Nb3 Qb6 19. Qxb6 cxb6 20. Nxe5 Rbd8 21.
Rac1 a4 22. Nd4 Rc8 23. Nxd7 Rfd8 24. Nxb6 Rc7 25. Nc6 Rd6 26. c5 Rf6 27. Nxb4
Ra7 28. d6 Kf8 29. d7 Kg8 30. d8=Q+ Kh7 31. N4d5 Re6 32. Rfe1 Rxe1+ 33. Rxe1
Rb7 34. Qe8 Ra7 35. Nxa4 g5 36. Nf6+ Kg6 37. h4 gxh4 38. Qe4+ Kxf6 39. Qxh4+
Kg7 40. Re3 Ra6 41. Rg3+ Kh7 42. Qe4+ Kh8 43. Qe8+ Kh7 44. Qg8# 1-0

[Event "III Open A"]
[Site "Omegna ITA"]
[Date "2015.08.07"]
[Round "1"]
[White "Erdelyi, Tamas"]
[Black "Vezzosi, Paolo"]
[Result "0-1"]
[WhiteElo "2088"]
[BlackElo "2347"]
[PlyCount "124"]
[EventDate "2015.08.07"]

1. c4 Nf6 2. Nf3 c5 3. g3 Nc6 4. Bg2 d5 5. cxd5 Nxd5 6. Nc3 Nc7 7. a3 e5 8. b4
f6 9. bxc5 Bxc5 10. Qb3 Bb6 11. O-O Be6 12. Qa4 O-O 13. Bb2 Qe7 14. d3 Rfd8 15.
Rab1 Qf7 16. Ba1 Na5 17. Nd2 Na6 18. Qd1 Rac8 19. Kh1 Kh8 20. f4 exf4 21. gxf4
Bd4 22. Rc1 Qd7 23. Nce4 Bg4 24. Rxc8 Rxc8 25. Bxd4 Qxd4 26. h3 Be6 27. Qe1 Rc2
28. Nf3 Qd8 29. Rg1 Nb3 30. Qg3 Qe7 31. Qh4 Rc1 32. Rxc1 Nxc1 33. Qe1 Qxa3 34.
Nd4 Bd7 35. Qh4 Qa1 36. Qe1 Qxd4 37. Qxc1 h6 38. Qa3 Nb4 39. Qb3 f5 40. Nd2
Qxf4 41. Qf7 Qxd2 42. Qxd7 Qc1+ 43. Kh2 Qf4+ 44. Kh1 Kh7 45. Qxb7 a5 46. Qb5
Nc2 47. Qd5 Ne3 48. Qa8 h5 49. Qf3 Qg5 50. Kh2 h4 51. d4 Nxg2 52. Qxg2 Qf4+ 53.
Kh1 Qxd4 54. Qf3 Qe4 55. Kg2 Kg6 56. Kf2 Kg5 57. Qc3 g6 58. Qa3 Qd4+ 59. Kg2
Qe5 60. Qd3 Qe4+ 61. Qf3 Kf6 62. Kf2 Qxf3+ 0-1

[Event "III Open A"]
[Site "Omegna ITA"]
[Date "2015.08.07"]
[Round "1"]
[White "Cereda, Loris"]
[Black "Vincenzi, Marco"]
[Result "1-0"]
[WhiteElo "2225"]
[BlackElo "2083"]
[PlyCount "53"]
[EventDate "2015.08.07"]

1. e4 e5 2. Nf3 Nc6 3. Bc4 Nf6 4. d3 Be7 5. O-O O-O 6. Re1 d6 7. c3 h6 8. Bb3
Nh7 9. Nbd2 Ng5 10. Nxg5 Bxg5 11. Nc4 Be6 12. Bxg5 Qxg5 13. Ne3 Rae8 14. Bxe6
Rxe6 15. g3 Ne7 16. Qa4 f5 17. Qb3 Qg6 18. Qxb7 f4 19. Ng2 Ref6 20. Qxc7 R6f7
21. Qxa7 f3 22. Ne3 Nd5 23. Qa6 Nf4 24. Rf1 h5 25. Kh1 h4 26. gxf4 exf4 27. Rg1
1-0

[Event "III Open A"]
[Site "Omegna ITA"]
[Date "2015.08.07"]
[Round "1"]
[White "Paleologu, Vladimir"]
[Black "Formento, Paolo"]
[Result "1-0"]
[WhiteElo "2080"]
[BlackElo "2214"]
[PlyCount "63"]
[EventDate "2015.08.07"]

1. e4 e6 2. d4 d5 3. exd5 exd5 4. Bf4 Bd6 5. Qd2 Nf6 6. Nc3 O-O 7. O-O-O a6 8.
f3 b5 9. Bd3 Nbd7 10. Bxd6 cxd6 11. Nh3 Nb6 12. g4 Bb7 13. Qg5 b4 14. Ne2 Ne4
15. Qf5 g6 16. Qf4 f5 17. gxf5 Rxf5 18. Qe3 Qf8 19. Nef4 Rxf4 20. Nxf4 Nf2 21.
Qxf2 Qxf4+ 22. Kb1 Rf8 23. h4 Kh8 24. h5 g5 25. Qe1 Qxd4 26. Bxa6 Qg7 27. h6
Qd7 28. Bxb7 Qxb7 29. Qxb4 Qc7 30. Qd4+ Kg8 31. Rh4 Rf5 32. f4 1-0

[Event "III Open A"]
[Site "Omegna ITA"]
[Date "2015.08.07"]
[Round "1"]
[White "Bardone, Lorenzo"]
[Black "Palozza, Christian"]
[Result "1-0"]
[WhiteElo "2192"]
[BlackElo "2064"]
[PlyCount "125"]
[EventDate "2015.08.07"]

1. e4 c6 2. d4 d5 3. exd5 cxd5 4. Bf4 Nf6 5. Nf3 g6 6. c3 Bg7 7. Nbd2 O-O 8.
Bd3 Nc6 9. O-O Bg4 10. h3 Bxf3 11. Nxf3 a6 12. Qd2 Rc8 13. Rae1 Re8 14. Bh6 Bh8
15. Ne5 Nxe5 16. dxe5 Nh5 17. e6 f6 18. Qc2 Ng7 19. Re3 Rf8 20. h4 d4 21. Rg3
f5 22. c4 Rf6 23. c5 b5 24. a4 Qd5 25. b4 Rb8 26. Bf4 Rc8 27. axb5 axb5 28.
Bxb5 Nxe6 29. Bc4 Qd7 30. Bg5 Kf8 31. Bxf6 Bxf6 32. Qb3 Nd8 33. h5 g5 34. Re1
e5 35. Rd3 e4 36. Rdd1 Qc7 37. Be6 Rb8 38. Bxf5 Qxc5 39. bxc5 Rxb3 40. Bxe4 Rc3
41. Rc1 h6 42. c6 Be5 43. Red1 Ne6 44. Rxc3 dxc3 45. Rd7 Nc5 46. c7 Bxc7 47.
Rxc7 Nxe4 48. g4 Kg8 49. f3 Nf6 50. Rxc3 Nd5 51. Ra3 Nf4 52. Kf2 Kg7 53. Ra6
Nd5 54. Ra7+ Kh8 55. Kg3 Kg8 56. Rb7 Kh8 57. Kf2 Kg8 58. Ke2 Nf4+ 59. Ke3 Ng2+
60. Ke4 Nh4 61. f4 gxf4 62. Kxf4 Kh8 63. Kg3 1-0

[Event "III Open A"]
[Site "Omegna ITA"]
[Date "2015.08.07"]
[Round "1"]
[White "Campini, Marco"]
[Black "Migliorini, Matteo"]
[Result "0-1"]
[WhiteElo "2055"]
[BlackElo "2183"]
[PlyCount "112"]
[EventDate "2015.08.07"]

1. e4 c5 2. Nf3 d6 3. d4 cxd4 4. Nxd4 Nf6 5. Nc3 g6 6. f3 Bg7 7. Be3 O-O 8. Qd2
Nc6 9. g4 Be6 10. h4 d5 11. exd5 Nxd5 12. Bf2 Nxc3 13. bxc3 Qa5 14. Nxc6 bxc6
15. Bd4 Rfd8 16. Bd3 Bxd4 17. cxd4 Qc7 18. Be4 Bd5 19. Kf2 c5 20. c3 e5 21.
Bxd5 Rxd5 22. Rac1 Rad8 23. Kg2 exd4 24. c4 Re5 25. Rhe1 Rde8 26. Rxe5 Qxe5 27.
Rc2 Qe1 28. Qxe1 Rxe1 29. Kf2 Re3 30. Kg3 Rc3 31. Rb2 Rxc4 32. Rb7 d3 33. Kf2
Ra4 34. Rb2 c4 35. Ke3 Kg7 36. Kd4 Kf6 37. Kc3 h6 38. Rb7 Ke6 39. Rb8 Ke5 40.
Rf8 f6 41. Re8+ Kf4 42. Re6 Kxf3 43. Rxf6+ Kxg4 44. Rxg6+ Kh5 45. Rd6 Kxh4 46.
Rxh6+ Kg5 47. Re6 Kf5 48. Re8 Kf4 49. Re7 Kf3 50. Rf7+ Ke2 51. Re7+ Kd1 52. Rh7
Ra3+ 53. Kxc4 d2 54. Rd7 Rxa2 55. Kb3 Ra6 56. Rh7 Rb6+ 0-1

[Event "III Open A"]
[Site "Omegna ITA"]
[Date "2015.08.07"]
[Round "1"]
[White "Pelagatti, Alessandro"]
[Black "Finocchiaro, Gianluca"]
[Result "1-0"]
[WhiteElo "2146"]
[BlackElo "2017"]
[PlyCount "31"]
[EventDate "2015.08.07"]

1. d4 d5 2. c4 Nc6 3. Nf3 Bg4 4. Nc3 dxc4 5. d5 Bxf3 6. exf3 Ne5 7. Bf4 Ng6 8.
Bg3 Nf6 9. Bxc4 a6 10. O-O Nh5 11. Qa4+ c6 12. dxc6 b5 13. Nxb5 Nxg3 14. hxg3
axb5 15. Bxb5 Rxa4 16. c7+ 1-0

[Event "III Open A"]
[Site "Omegna ITA"]
[Date "2015.08.07"]
[Round "1"]
[White "Bini, Massimo"]
[Black "Boschetti, Claudio"]
[Result "1/2-1/2"]
[WhiteElo "2000"]
[BlackElo "2140"]
[PlyCount "73"]
[EventDate "2015.08.07"]

1. d4 Nf6 2. Bf4 d6 3. e3 Nbd7 4. Nf3 g6 5. Be2 Bg7 6. h3 c6 7. c3 O-O 8. O-O
Re8 9. Bh2 e5 10. dxe5 dxe5 11. Nxe5 Nxe5 12. Qxd8 Rxd8 13. Bxe5 Bf5 14. Bxf6
Bxf6 15. Rd1 b5 16. a3 Rxd1+ 17. Bxd1 Rd8 18. Be2 Bc2 19. Kf1 a5 20. Ke1 Be4
21. g3 b4 22. axb4 axb4 23. f3 Bf5 24. h4 Rb8 25. e4 Be6 26. f4 bxc3 27. bxc3
Rb2 28. e5 Be7 29. Nd2 Bd5 30. Rb1 Ra2 31. c4 Be6 32. Ne4 Kg7 33. Nd6 Bd8 34.
Ne8+ Kf8 35. Nf6 Kg7 36. Ne8+ Kf8 37. Nf6 1/2-1/2

[Event "III Open A"]
[Site "Omegna ITA"]
[Date "2015.08.07"]
[Round "1"]
[White "Gerola, Fausto"]
[Black "Minerva, Enzo"]
[Result "1-0"]
[WhiteElo "2132"]
[BlackElo "1988"]
[PlyCount "67"]
[EventDate "2015.08.07"]

1. e4 e5 2. Nf3 Nf6 3. d4 d6 4. Nc3 Nbd7 5. Bc4 Be7 6. h3 c6 7. dxe5 dxe5 8. a4
Qc7 9. Qe2 h6 10. Bd2 Nf8 11. Nh4 g6 12. Nd1 Ne6 13. Nf3 Nf4 14. Bxf4 exf4 15.
Nc3 Be6 16. Bxe6 fxe6 17. Qc4 O-O-O 18. Qxe6+ Kb8 19. O-O g5 20. Rad1 Rde8 21.
e5 Nh5 22. Qg6 g4 23. hxg4 Ng3 24. fxg3 Bc5+ 25. Kh1 Rhg8 26. Qh5 fxg3 27. Ne4
Be3 28. Nf6 Rxe5 29. Qxe5 Qxe5 30. Nxe5 Rg5 31. Nc4 Bc5 32. Nd7+ Kc7 33. Nxc5
Rxc5 34. Rf7+ 1-0

[Event "III Open A"]
[Site "Omegna ITA"]
[Date "2015.08.07"]
[Round "1"]
[White "Cirabisi, Federico"]
[Black "Brugo, Marco"]
[Result "1/2-1/2"]
[WhiteElo "1977"]
[BlackElo "2115"]
[PlyCount "63"]
[EventDate "2015.08.07"]

1. e4 e6 2. Nf3 d5 3. e5 c5 4. b4 cxb4 5. a3 Nc6 6. axb4 Bxb4 7. c3 Be7 8. d4
Nh6 9. Bd3 Nf5 10. h4 Bd7 11. Bg5 h6 12. Bc1 a6 13. Qb3 Nxh4 14. Nxh4 Bxh4 15.
Qxb7 a5 16. Qb2 Bg5 17. f4 Bh4+ 18. Kf1 Be7 19. Qe2 Na7 20. Na3 Qc7 21. Bd2 Rb8
22. Nc2 Bb5 23. Ne3 Qb6 24. Kf2 Bxd3 25. Qxd3 Qb5 26. Qc2 O-O 27. f5 Bg5 28. f6
Qb2 29. Qd3 Qb5 30. Qc2 Qb2 31. Qd3 Qb5 32. Qc2 1/2-1/2

[Event "III Open A"]
[Site "Omegna ITA"]
[Date "2015.08.07"]
[Round "1"]
[White "Medici, Simone"]
[Black "Cripotos, Demetrio"]
[Result "1-0"]
[WhiteElo "2111"]
[BlackElo "1835"]
[PlyCount "69"]
[EventDate "2015.08.07"]

1. d4 d5 2. c4 c6 3. Nf3 Nf6 4. Nc3 e6 5. Bg5 Be7 6. e3 Nbd7 7. Bd3 h6 8. Bh4
Qc7 9. Rc1 dxc4 10. Bxc4 Qa5 11. O-O Qh5 12. Bg3 O-O 13. Be2 Qa5 14. Nd2 Nd5
15. Nc4 Nxc3 16. bxc3 Qd8 17. Bf3 Nb6 18. Ne5 Bh4 19. Qb3 Bxg3 20. hxg3 Qg5 21.
c4 f6 22. Nd3 Kh8 23. Nc5 e5 24. a4 exd4 25. exd4 Rb8 26. a5 Qd2 27. axb6 axb6
28. Rfd1 Qg5 29. Ne4 Qg6 30. Qxb6 Bg4 31. Nc5 Qf5 32. Bxg4 Qxg4 33. Qc7 b5 34.
Qxc6 bxc4 35. Qf3 1-0

[Event "III Open A"]
[Site "Omegna ITA"]
[Date "2015.08.07"]
[Round "1"]
[White "Ricciardi, Arcangelo"]
[Black "Quirico, Paolo"]
[Result "0-1"]
[WhiteElo "1829"]
[BlackElo "2110"]
[PlyCount "86"]
[EventDate "2015.08.07"]

1. e4 e6 2. Nf3 d5 3. exd5 exd5 4. d4 Bd6 5. Bd3 Nc6 6. Nc3 Nge7 7. O-O Bg4 8.
Nb5 f6 9. Nxd6+ Qxd6 10. c3 O-O-O 11. b4 h5 12. a4 g5 13. b5 Na5 14. Ba3 Qd7
15. Bxe7 Qxe7 16. Re1 Qd7 17. Re3 Rde8 18. Qd2 Rxe3 19. fxe3 Bf5 20. Rf1 Bxd3
21. Qxd3 Qe6 22. Nd2 Re8 23. Re1 f5 24. Kf2 Nc4 25. Nxc4 dxc4 26. Qc2 g4 27.
Rb1 f4 28. e4 g3+ 29. Kg1 Qxe4 30. Qxe4 Rxe4 31. hxg3 fxg3 32. Kf1 Re3 33. Rc1
Kd7 34. Re1 Rxe1+ 35. Kxe1 Ke6 36. Ke2 Kf5 37. Kf3 h4 38. a5 a6 39. bxa6 bxa6
40. d5 Kg5 41. Ke2 Kg4 42. Ke3 h3 43. gxh3+ Kxh3 0-1

[Event "III Open A"]
[Site "Omegna ITA"]
[Date "2015.08.07"]
[Round "1"]
[White "Siclari, Giovanni"]
[Black "Leuthold, Cyrill"]
[Result "1-0"]
[WhiteElo "2090"]
[BlackElo "1810"]
[PlyCount "83"]
[EventDate "2015.08.07"]

1. Nf3 b6 2. e4 e6 3. d4 Bb7 4. Bd3 Nf6 5. Nc3 Bb4 6. Bg5 h6 7. Bxf6 Qxf6 8.
O-O Bxc3 9. bxc3 d6 10. Nd2 g5 11. a4 a5 12. Bb5+ Kf8 13. Qe2 e5 14. Qe3 Nc6
15. Bxc6 Bxc6 16. g3 Re8 17. d5 Bd7 18. c4 Bg4 19. f3 Bd7 20. Nb1 h5 21. Nc3
Ke7 22. Nb5 Bxb5 23. cxb5 Qg6 24. Qc3 Kd7 25. Qc6+ Kd8 26. Ra3 Rh7 27. Qa8+ Kd7
28. Qc6+ Kd8 29. c4 g4 30. c5 dxc5 31. Qxg6 fxg6 32. fxg4 hxg4 33. Rf6 Reh8 34.
Ra2 Rh6 35. Rd2 Kc8 36. Re6 Kb7 37. Rxe5 Rh5 38. Re6 g5 39. Re7 Kc8 40. Rg7
R8h6 41. e5 Kd8 42. Rf2 1-0

[Event "III Open A"]
[Site "Omegna ITA"]
[Date "2015.08.08"]
[Round "2"]
[White "Vezzosi, Paolo"]
[Black "Gerola, Fausto"]
[Result "1-0"]
[WhiteElo "2347"]
[BlackElo "2132"]
[PlyCount "63"]
[EventDate "2015.08.07"]

1. Nf3 f5 2. g3 Nf6 3. Bg2 g6 4. c4 Bg7 5. d4 O-O 6. b4 d6 7. Bb2 a5 8. b5 a4
9. Nbd2 c6 10. bxc6 bxc6 11. O-O Qc7 12. Qc2 Bb7 13. e4 Nxe4 14. Nxe4 fxe4 15.
Ng5 Bc8 16. Qxe4 Bf5 17. Qe2 Qd7 18. Rfe1 Ra7 19. d5 c5 20. Bxg7 Kxg7 21. Qb2+
Kg8 22. Ne6 Bxe6 23. Rxe6 Qb7 24. Qc2 Rf6 25. Rb1 Rxe6 26. dxe6 Qc8 27. Rb6 Qc7
28. Qb2 Na6 29. Qb5 Nb4 30. Qe8+ Kg7 31. Qf7+ Kh6 32. Qf8+ 1-0

[Event "III Open A"]
[Site "Omegna ITA"]
[Date "2015.08.08"]
[Round "2"]
[White "Medici, Simone"]
[Black "Cereda, Loris"]
[Result "0-1"]
[WhiteElo "2111"]
[BlackElo "2225"]
[PlyCount "86"]
[EventDate "2015.08.07"]

1. d4 Nf6 2. c4 c6 3. Nf3 d5 4. Nc3 e6 5. Bg5 Nbd7 6. e3 Qa5 7. Nd2 Bb4 8. Qc2
Ne4 9. Ndxe4 dxe4 10. Bh4 e5 11. Be2 O-O 12. O-O exd4 13. exd4 g5 14. Bg3 f5
15. f4 g4 16. h3 gxh3 17. gxh3 Nf6 18. Kh1 Qc7 19. Nd1 Kh8 20. c5 Qg7 21. Bh2
Nd5 22. a3 Ba5 23. Qa4 Bd2 24. Qc2 Be3 25. Nxe3 Nxe3 26. Rg1 Nxc2 27. Rxg7 Kxg7
28. Rd1 Ne3 29. Rg1+ Kh6 30. Rg5 Be6 31. Bg1 Nd5 32. Rh5+ Kg6 33. Rh4 Kf6 34.
Rh6+ Ke7 35. Rxh7+ Rf7 36. Rh4 Rg8 37. Bf2 Rfg7 38. Bf1 Nf6 39. Rh6 Bd5 40. Bh4
e3+ 41. Kh2 Rg2+ 42. Bxg2 Rxg2+ 43. Kh1 Rg6+ 0-1

[Event "III Open A"]
[Site "Omegna ITA"]
[Date "2015.08.08"]
[Round "2"]
[White "Quirico, Paolo"]
[Black "Bardone, Lorenzo"]
[Result "1/2-1/2"]
[WhiteElo "2110"]
[BlackElo "2192"]
[PlyCount "59"]
[EventDate "2015.08.07"]

1. d4 Nf6 2. Bg5 c5 3. d5 Qb6 4. Nc3 Qxb2 5. Bd2 Qb6 6. e4 d6 7. Rb1 Qc7 8. f4
e6 9. Nf3 a6 10. a4 Be7 11. Bc4 exd5 12. Nxd5 Nxd5 13. Bxd5 O-O 14. O-O Nd7 15.
Bc3 Rb8 16. e5 b5 17. e6 Nf6 18. exf7+ Kh8 19. Bxf6 Bxf6 20. axb5 axb5 21. Ng5
Bb7 22. Bxb7 Rxb7 23. Nxh7 Rxf7 24. Nxf6 Rxf6 25. Qh5+ Kg8 26. Rxb5 Rxb5 27.
Qe8+ Rf8 28. Qxb5 Qf7 29. Qc6 Qe6 30. Qf3 1/2-1/2

[Event "III Open A"]
[Site "Omegna ITA"]
[Date "2015.08.08"]
[Round "2"]
[White "Paleologu, Vladimir"]
[Black "Pelagatti, Alessandro"]
[Result "1-0"]
[WhiteElo "2080"]
[BlackElo "2146"]
[PlyCount "43"]
[EventDate "2015.08.07"]

1. e4 e6 2. d4 d5 3. exd5 exd5 4. Bf4 Bd6 5. Qd2 Qe7+ 6. Ne2 Nf6 7. Nbc3 c6 8.
O-O-O Be6 9. Re1 Nbd7 10. Bxd6 Qxd6 11. Nf4 O-O-O 12. Nxe6 fxe6 13. f4 Rhe8 14.
g3 Kb8 15. Bh3 c5 16. Re2 cxd4 17. Qxd4 e5 18. Qxa7+ Kxa7 19. Nb5+ Kb6 20. Nxd6
Re7 21. Nf5 Rf7 22. fxe5 1-0

[Event "III Open A"]
[Site "Omegna ITA"]
[Date "2015.08.08"]
[Round "2"]
[White "Boschetti, Claudio"]
[Black "Cirabisi, Federico"]
[Result "1/2-1/2"]
[WhiteElo "2140"]
[BlackElo "1977"]
[PlyCount "66"]
[EventDate "2015.08.07"]

1. e4 Nf6 2. e5 Nd5 3. Nf3 d6 4. d4 Bg4 5. Be2 c6 6. O-O Bxf3 7. Bxf3 dxe5 8.
dxe5 e6 9. c4 Ne7 10. Qc2 Ng6 11. Bh5 Nd7 12. f4 Bc5+ 13. Kh1 O-O 14. Nc3 Nh4
15. Bg4 Nf5 16. Ne4 Qe7 17. Rd1 Rad8 18. a3 a5 19. Bd2 Nd4 20. Qd3 a4 21. Ng5
f5 22. exf6 gxf6 23. Nxe6 Nxe6 24. Re1 f5 25. Bxf5 Rxf5 26. Qxf5 Ng7 27. Qg4
Nf6 28. Qf3 Qf7 29. Bc3 Qg6 30. h3 Rd3 31. Qe2 Nfh5 32. Qg4 Qxg4 33. hxg4 Nxf4
1/2-1/2